| 000 | 00405nam a2200145Ia 4500 | ||
|---|---|---|---|
| 008 | 150201s2005 xx 000 0 und d | ||
| 082 |
_a617.692 _bP2005P |
||
| 100 | _aPARK, K. | ||
| 245 | _aPARKS TEXTBOOK OF PREVENTIVE & SOCIAL MEDICINE | ||
| 250 | _a18TH | ||
| 260 |
_bBANARSIDAS BHANOT PUBLISHERS _aJABALPUR _c2005 |
||
| 300 | _a1-711 | ||
| 650 | _aPREVENTIVE AND COMMUNITY DENTISTRY | ||
| 942 |
_2ddc _cBK |
||
| 999 |
_c3372 _d3372 |
||